01463nam0a22002771 4500001001100000005001700011021001900028035002600047100004100073101001300114102000700127105001800134200023000152210005300382215005100435300024700486517010100733606004500834606011000879700005100989701004301040702004301083801001801126801002201144852001901166rc\482374320250612224903.0 aRUb[57-42752] a(NLR Aleph) 008884192 a20130426d1957 |||y0rusy50 ca1 arusceng aRU aab z |||||1 aИнженерный анализ последствий землетрясений 1952 г. в Южной КалифорнииfПер. с англ. и ред. канд. техн. наук В.А. Быховского aМоскваcГосстройиздатd1957 a270 с., 4 л. карт.cил., карт.d27 aНа обороте тит. л.: Karl V. Steinbrugge and Donald F. Moran. An engineering study of the Southern California earthquake of july 21, 1952, and its aftershocks. "Bull. of the Seismological society of America", 1954, vol. 44, № 2b0 aAn engineering study of the Southern California earthquake of july 21, 1952, and its aftershocks aЗемлетрясенияyСША2psbo aСейсмические волныxДействие на сооружения и грунты2psbo 1aШтейнбруггеbК.В.gКарл В. 1aМоранbД.Ф.gДональд Ф. 1aБыховскийbВ.А.47304340 0aRUbNLRgpsbo 1aRUbELAR2rusmarc aNLRj57-7/1734